Millennium Development Goals: (Record no. 6954)
[ view plain ]
| 000 -LEADER | |
|---|---|
| fixed length control field | 00446nam a22001217a 4500 |
| 008 - FIXED-LENGTH DATA ELEMENTS--GENERAL INFORMATION | |
| fixed length control field | 200408b ||||| |||| 00| 0 eng d |
| 020 ## - INTERNATIONAL STANDARD BOOK NUMBER | |
| International Standard Book Number | 9987-449-31-X |
| 245 ## - TITLE STATEMENT | |
| Title | Millennium Development Goals: |
| Remainder of title | Progress Report/ |
| Statement of responsibility, etc. | Ministry of Planning, Economy and Empowerment, |
| Medium | English. |
| 260 ## - PUBLICATION, DISTRIBUTION, ETC. (IMPRINT) | |
| Place of publication, distribution, etc. | Dar Es Salaam: |
| Name of publisher, distributor, etc. | Ministry of Planning, Economy and Empowerment, |
| Date of publication, distribution, etc. | 2006. |
| 300 ## - PHYSICAL DESCRIPTION | |
| Extent | viii, 32p; |
| Other physical details | ill; |
| Dimensions | 29cm.- |
| 650 ## - SUBJECT ADDED ENTRY--TOPICAL TERM | |
| Source of heading or term | DEVELOPMENT GOALS |
| 942 ## - ADDED ENTRY ELEMENTS (KOHA) | |
| Source of classification or shelving scheme | Dewey Decimal Classification |
| Koha item type | BOOKS |
No items available.
